Identidad e interculturalidad: materiales para la acción tutorial, primer ciclo de ESO. Material para el alumnado

Na minha lista:
Detalhes bibliográficos
Autor principal: Sandín Esteban, María Paz (Author)
Formato: Livro
Idioma:espanhol
Publicado em: Barcelona Laertes 1998
Colecção:Psicopedagogía
Assuntos:
Tags: Adicionar Tag
Sem tags, seja o primeiro a adicionar uma tag!

MARC

LEADER 00000nam a2200000 a 4500
001 UCN0430
003 CL-VaPUC
008 010323e19981000SP |||||||||||||||||spa|d
082 0 4 |a 370.1934  |b SAN  |2 21 
100 0 |a Sandín Esteban, María Paz  |e author  |9 455659 
245 1 0 |a Identidad e interculturalidad: materiales para la acción tutorial, primer ciclo de ESO. Material para el alumnado 
300 |a 45 p 
942 |c BK 
945 |d 20010323 00:00:00  |a cmena 
260 |a Barcelona  |b Laertes  |c 1998 
650 0 |a Sociología de la educación   |9 260380 
650 0 |a Aspectos socioeconómicos   |9 326578 
650 0 |a Problemas sociales  |9 258537 
650 0 |a Rol del docente  |9 329733 
650 0 |a Responsabilidad social  |9 339076 
650 0 |a Discriminación social  |9 323032 
583 |a last modification  |c 20010323 00:00:00  |k Rodrigo Vera 
490 0 |a Psicopedagogía 
999 |c 294178  |d 294176 
952 |0 0  |1 0  |4 0  |6 370_193400000000000_SAN_1998  |7 0  |8 A  |9 346103  |a BIBEDU  |b BIBEDU  |d 2019-11-20  |i 3697452  |o 370.1934 SAN 1998  |p 3697452  |r 2019-11-20  |w 2019-11-20  |y BK  |k EPE